000 00837nam a2200229Ia 4500
003 GCL
008 140319s9999 xx 000 0 ara d
040 _aGCL /
_cGCL
082 0 4 _a770
_bد ت
100 1 _aمصباح الحاج عيسى
245 1 0 _aالتصوير الضوئى الرقمى :
_bدليل المستخدم لابداع الصور الرقمية /
_cمصباح الحاج عيسى
700 1 _aاياد ملحم
250 _aالاولى
260 _aالامارات :
_bدار الكتاب الجامعى ،
_c2005
300 _a299 ص ؛
_c30 سم
650 0 4 _aعدسات التصوير
650 0 4 _aالتصوير الضوئى
650 0 4 _aالصور المتحركة
650 0 4 _aفوتو شوب
650 0 4 _aالحاسبات الالكترونية - روسومات فنية
942 _2ddc
_cBK
999 _c57923
_d57923